000 00609nam a2200241Ia 4500
003 OSt
005 20221005132819.0
006 a|||||r|||| 00| 0
007 ta
008 221004b |||||||| |||| 00| 0 tam d
024 _a48203
037 _cTextual
040 _aCRL
_cCRL
_btam
041 _2tam
_atam
082 _aO31,1C94, H6
100 _aBharathiar Sudhdhanandha
_9641700
245 0 _aValaiyapathi natakam
260 _c1946
300 _a85
_ccm.
650 _aTAMIL POETRY
942 _hO31,1C94, H6
_cTEXL
_2cc
999 _c1064898
_d1064898